Online Catalogue and eLibrary

Lanka ethihasaye madyathana yugaye ena Keralayo prathivirudda avastha dekak pilibanda adyanayak (Record no. 1280)

MARC details
000 -LEADER
fixed length control field 00528nam a2200145Ia 4500
005 - DATE AND TIME OF LATEST TRANSACTION
control field 20250704022028.0
008 - FIXED-LENGTH DATA ELEMENTS--GENERAL INFORMATION
fixed length control field 240331s9999 xx 000 0 und d
082 ## - DDC Classification
Class No. 303.6
Item Number - Author Mark LIY
100 ## - MAIN ENTRY--PERSONAL NAME
Personal name Liyanagame, A
245 #0 - TITLE STATEMENT
Title Lanka ethihasaye madyathana yugaye ena Keralayo prathivirudda avastha dekak pilibanda adyanayak
260 ## - PUBLICATION, DISTRIBUTION, ETC.
Place of publication, distribution, etc. Colombo
Name of publisher, distributor, etc. Social Scientist's Association
Date of publication, distribution, etc. 1994
300 ## - PHYSICAL DESCRIPTION
Extent (e.g. Volumes, Pages etc.) 24 p.,
500 ## - GENERAL NOTE
General note Translation by the author of "Keralas in Medieval Sri Lankan History. A study of two Contrasting Roles"
942 ## - Koha item type (Biblio)
Koha item type Books in Stacks (Lending)
Holdings
Lost status Damaged status Collection code Home library Current library Shelving location Date acquired Full call number Accession Number Item type
    Lending WERC Library WERC Library Social Science Cupboard 03/31/2024 303.6 LIY 4039 Books in Stacks (Lending)

© WERC Library